the Soviet State and law (Record no. 3645)
[ view plain ]
| 000 -LEADER | |
|---|---|
| fixed length control field | 00293nam a22001217a 4500 |
| 008 - FIXED-LENGTH DATA ELEMENTS--GENERAL INFORMATION | |
| fixed length control field | 230704b xxu||||| |||| 00| 0 eng d |
| 082 ## - DEWEY DECIMAL CLASSIFICATION NUMBER | |
| Classification number | 340 |
| Item number | CHK |
| 100 ## - MAIN ENTRY--PERSONAL NAME | |
| Titles and words associated with a name | V.M Chkhilvadze |
| 245 ## - TITLE STATEMENT | |
| Title | the Soviet State and law |
| 260 ## - PUBLICATION, DISTRIBUTION, ETC. (IMPRINT) | |
| Place of publication, distribution, etc. | Moscow |
| Name of publisher, distributor, etc. | progress publishers |
| 300 ## - PHYSICAL DESCRIPTION | |
| Extent | 333p |
| 942 ## - ADDED ENTRY ELEMENTS (KOHA) | |
| Source of classification or shelving scheme | Dewey Decimal Classification |
| Koha item type | Books |
| Withdrawn status | Lost status | Source of classification or shelving scheme | Damaged status | Not for loan | Home library | Current library | Date acquired | Total Checkouts | Full call number | Barcode | Date last seen | Price effective from | Koha item type |
|---|---|---|---|---|---|---|---|---|---|---|---|---|---|
| Dewey Decimal Classification | County Hall Archives | County Hall Archives | 07/04/2023 | 340 CHK | 10001345 | 07/04/2023 | 07/04/2023 | Books |
